Obrazy času

Bibliographic Details
Main Author: Michalovič, Peter, 1960- (Author)
Format: Article
Language:Slovak
ISSN:0231-6714
Subjects:

MARC

LEADER 00000nab a2200000 a 4500
001 vtls000867149
003 SK-MaSNL
005 20260304121737.0
008 250429c2004 xo 0 slo
015 |a SNBRB2004/03-09308 
035 |a CLN000218701 
035 |a urn:nbn:sk:snk-abbx8p 
035 |a (urnnbn)urn:nbn:sk:snk:ar-0000xr 
035 |a (uuid)21e3dc7b-344e-481b-8bc6-d2540f1de86f 
040 |a SNKBUCL  |b slo  |c SNKBUCL  |e AACR2 
041 0 |a slo 
044 |a xo  |c SK 
080 |a 75.071.1  |2 1997 
100 1 |a Michalovič, Peter,  |d 1960-  |4 aut  |9 85879 
245 1 0 |a Obrazy času  |c Peter Michalovič 
504 |a Bibliogr. odkazy 
600 1 7 |a Fila, Rudolf,  |d 1932-2015  |2 snkbucl  |9 98800 
655 7 |a články z novín a časopisov  |2 snkbucl  |9 267496 
773 0 |t Romboid  |g Roč. 39, č. 1 (2004), s. 30-31  |x 0231-6714 
850 |a Slovenská národná knižnica 
852 |a Slovenská národná knižnica 
958 |a article15 
958 |a NB 
958 |a OND 
958 |a EUIPO 
992 |a RBX 
999 |c 2886713  |d 2888643